Estadísticas para Países más Grandes del Imperio Francés

Haz click aquí para tomar la prueba!

Estadísticas generales

  • Esta prueba ha sido tomada 723 veces
  • La puntuación promedio es 9 de 14

Estadísticas de respuestas

% km2 País % Correcto
1002,400,000Argelia
86%
252,500,000Canadá
84%
100650,000Francia
78%
56400,000Marruecos
74%
100340,000Rep. del Congo
72%
1001,270,000Níger
71%
1001,280,000Chad
71%
1001,240,000Malí
69%
222,140,000Estados Unidos
67%
1001,030,000Mauritania
64%
100330,000Vietnam
52%
100620,000República Centroafricana
50%
100320,000Costa de Marfil
43%
100590,000Madagascar
40%

Distribución de puntuación

Porcentaje por número respondido

Porcentaje de gente con cada puntuación

Historial de tus puntuaciones

No has tomado esta prueba